[Event "DVM U16 2013"]
[Site "Lingen (Ems) GER"]
[Date "2013.12.30"]
[Round "7"]
[White "Kreyssig, Robert"]
[Black "Sabirov, Ramil"]
[Result "1-0"]
[Termination "normal"]
[Board "1.2"]
[WhiteElo "2070"]
[BlackElo "1908"]
[WhiteTeam "Schachgemeinschaft Leipzig"]
[BlackTeam "SG Porz"]
[WhiteFideId "4662881"]
[BlackFideId "12900303"]
[EventCountry "GER"]
[EventRounds "7"]
[EventType "team-swiss"]
[EventDate "2013.12.26"]

1. d4 Nf6 2. c4 c5 3. d5 b5 4. cxb5 a6 5. f3 g6 6. e4 d6 7. a4 Bg7 8. Na3 O-O
9. Ne2 axb5 10. Nxb5 Ba6 11. Nec3 Nbd7 12. Be2 Qb6 13. Be3 Ne8 14. O-O Nc7 15.
Nxc7 Qxc7 16. Bxa6 Rxa6 17. Nb5 Qb7 18. Rb1 Rfa8 19. b3 Nf6 20. Qd3 Ne8 21.
Rfc1 Nc7 22. Nxc7 Qxc7 23. b4 Rxa4 24. bxc5 dxc5 25. Rxc5 Qe5 26. Rbc1 Ra1 27.
Qd2 h5 28. Rxa1 Rxa1+ 29. Rc1 Ra3 30. Rd1 Ra4 31. Qc2 Rb4 32. Rb1 Rxb1+ 33.
Qxb1 Qc3 34. Qc1 Qd3 35. Qd2 Qb1+ 36. Kf2 Qa1 37. Qc1 Qe5 38. g3 Qb8 39. Qd2
Qe5 40. Kg2 Bf6 41. Qc2 Qa1 42. f4 Bd4 43. Qe2 Qc3 44. Kf2 Kh7 45. Kf3 Kg7 46.
Qd2 Qxd2 47. Bxd2 f6 48. Be3 Bb2 49. Ke2 Kf7 50. Kd3 Ke8 51. Bd4 Ba3 52. e5 f5
53. Kc4 Bc1 54. e6 h4 55. Kc5 h3 56. Bf2 Ba3+ 57. Kc4 Bc1 58. Kd3 Ba3 59. Bb6
Bd6 60. Be3 g5 61. fxg5 Bxg3 62. Bg1 Be5 63. Kc4 Kf8 64. Kd3 Bd6 65. Ke2 Kg7
66. Kf3 Kg6 67. Be3 Kg7 68. Bf4 Bb4 69. Kg3 Kg6 70. Kxh3 Kg7 71. Kg3 Kg6 72.
Kf3 Be1 73. Bg3 Bb4 74. h4 Bc5 75. Ke2 Bb4 76. Kd3 Ba3 77. Bf4 Bb4 78. Kc4 Be1
79. Kc5 Bxh4 80. d6 exd6+ 81. Kxd6 Bxg5 82. Bxg5 Kxg5 83. e7 1-0

[Event "DVM U16 2013"]
[Site "Lingen (Ems) GER"]
[Date "2013.12.30"]
[Round "7"]
[White "Fieberg, Samuel"]
[Black "Kreyssig, Bruno"]
[Result "0-1"]
[Termination "normal"]
[Board "1.3"]
[WhiteElo "1944"]
[BlackElo "1837"]
[WhiteTeam "SG Porz"]
[BlackTeam "Schachgemeinschaft Leipzig"]
[WhiteFideId "12901717"]
[BlackFideId "4692489"]
[EventCountry "GER"]
[EventRounds "7"]
[EventType "team-swiss"]
[EventDate "2013.12.26"]

1. e4 c5 2. Nf3 d6 3. d4 cxd4 4. Nxd4 Nf6 5. Nc3 g6 6. Be2 Bg7 7. O-O Nc6 8.
Be3 O-O 9. f4 Qb6 10. Qd3 Ng4 11. Nd5 Bxd4 12. Bxg4 Bxe3+ 13. Qxe3 Qxe3+ 14.
Nxe3 Bxg4 15. Nxg4 Rac8 16. c3 b5 17. Ne3 Rfd8 18. Rfd1 Na5 19. Kf2 Kf8 20. Rd5
a6 21. Rad1 Nc4 22. Nxc4 Rxc4 23. Ke3 b4 24. cxb4 Rxb4 25. b3 Rb5 26. Rxb5 axb5
27. a4 bxa4 28. bxa4 Ra8 29. Ra1 Ke8 30. Kd4 Kd7 31. Kc4 Kc6 32. a5 f5 33. e5
d5+ 34. Kd4 e6 35. Rc1+ Kd7 36. Kc5 Rc8+ 0-1

[Event "DVM U16 2013"]
[Site "Lingen (Ems) GER"]
[Date "2013.12.30"]
[Round "7"]
[White "Waschischeck, Tom"]
[Black "Brungs, Sven"]
[Result "1/2-1/2"]
[Termination "normal"]
[Board "1.4"]
[WhiteElo "1718"]
[BlackElo "1885"]
[WhiteTeam "Schachgemeinschaft Leipzig"]
[BlackTeam "SG Porz"]
[WhiteFideId "12931780"]
[BlackFideId "12946257"]
[EventCountry "GER"]
[EventRounds "7"]
[EventType "team-swiss"]
[EventDate "2013.12.26"]

1. e4 c6 2. d4 d5 3. exd5 cxd5 4. c4 Nf6 5. Nc3 e6 6. c5 Be7 7. Nf3 O-O 8. h3
b6 9. b4 a5 10. Na4 axb4 11. Nxb6 Ra7 12. Bf4 Nbd7 13. Nxc8 Qxc8 14. Qb3 Qb7
15. Rc1 Rc8 16. a4 Bxc5 17. dxc5 Nxc5 18. Qe3 Ra5 19. Bb5 Nxa4 20. Rxc8+ Qxc8
21. Bxa4 Rxa4 22. O-O Ne4 23. Qb6 Nc3 24. Bd6 Na2 25. Qb5 Ra7 26. Qc5 Qxc5 27.
Bxc5 Rb7 28. Rb1 f6 29. Nd2 e5 30. f3 Kf7 31. Kf2 g6 32. Rb2 Rb5 33. Rxa2 Rxc5
34. Ra7+ Kg8 35. Rb7 Rc2 36. Ke2 Rb2 37. Kd3 f5 38. g3 e4+ 39. fxe4 fxe4+ 40.
Ke3 d4+ 41. Kxe4 Rxd2 42. Rxb4 Rg2 43. Rb3 Rd2 44. Rd3 Rxd3 45. Kxd3 Kf7 46.
Kxd4 Ke6 47. Ke4 h6 48. g4 g5 49. Kd4 1/2-1/2

[Event "DVM U16 2013"]
[Site "Lingen (Ems) GER"]
[Date "2013.12.30"]
[Round "7"]
[White "Flüchter, Gregor"]
[Black "Koop, Thorben"]
[Result "1/2-1/2"]
[Termination "normal"]
[Board "2.1"]
[WhiteElo "2041"]
[BlackElo "2232"]
[WhiteTeam "SF Dortmund-Brackel 1930"]
[BlackTeam "SV Lingen"]
[WhiteFideId "12903396"]
[BlackFideId "24661619"]
[EventCountry "GER"]
[EventRounds "7"]
[EventType "team-swiss"]
[EventDate "2013.12.26"]

1. e4 c5 2. Nf3 Nc6 3. c3 Nf6 4. e5 Nd5 5. Bc4 Nb6 6. Bb3 g6 7. d4 cxd4 8. cxd4
Bg7 9. Bf4 d6 10. exd6 O-O 11. O-O Bg4 12. dxe7 Qxe7 13. d5 Nd4 14. Nc3 Bxf3
15. gxf3 Rfd8 16. Be3 Nxb3 17. Qxb3 Bxc3 18. bxc3 Nxd5 19. c4 Nxe3 20. Qxe3
Qxe3 21. fxe3 Rac8 22. Rac1 Rd2 23. Rf2 Rd3 24. Re2 Rc5 25. Kf2 b5 26. Rec2
bxc4 27. Rxc4 Rxc4 28. Rxc4 Rd2+ 29. Kg3 Rxa2 30. Rc6 a5 31. Ra6 a4 32. Ra7 a3
33. Ra6 Ra1 34. e4 a2 35. Kg2 Kg7 36. h3 Kh6 37. Ra5 Kg7 38. Ra6 Kf8 39. Ra7
Ke8 40. Ra3 Kd7 41. Ra6 Kc7 42. Ra3 Kb6 43. Ra8 Kc5 44. Ra4 Kb5 45. Ra8 Kc4 46.
Rc8+ Kd4 47. Rd8+ Ke5 48. Ra8 g5 49. Ra7 h5 50. Ra5+ Kd4 51. Ra7 h4 52. Ra8 Ke3
53. Ra3+ Ke2 54. Ra7 f6 55. Ra5 Kd3 56. Ra7 Ke2 57. Ra5 Ke3 58. Ra3+ Kf4 59.
Ra5 Rc1 60. Rxa2 Ke5 61. Ra5+ Ke6 62. Ra6+ Kf7 63. Rb6 Rc2+ 64. Kg1 Re2 65. Ra6
Rb2 1/2-1/2

[Event "DVM U16 2013"]
[Site "Lingen (Ems) GER"]
[Date "2013.12.30"]
[Round "7"]
[White "Oehne, Timo"]
[Black "Birnkraut, Tim"]
[Result "1-0"]
[Termination "normal"]
[Board "2.2"]
[WhiteElo "2019"]
[BlackElo "1804"]
[WhiteTeam "SV Lingen"]
[BlackTeam "SF Dortmund-Brackel 1930"]
[WhiteFideId "24661635"]
[BlackFideId "24609587"]
[EventCountry "GER"]
[EventRounds "7"]
[EventType "team-swiss"]
[EventDate "2013.12.26"]

1. e4 e6 2. d4 d5 3. Nc3 Nf6 4. Bd3 c5 5. e5 Nfd7 6. f4 Nc6 7. Nf3 cxd4 8. Ne2
Bc5 9. O-O h6 10. Kh1 Nb6 11. b3 Bd7 12. Bb2 Nb4 13. Nexd4 Nxd3 14. Qxd3 a6 15.
a4 Qe7 16. a5 Nc8 17. f5 Na7 18. fxe6 Bxe6 19. Nxe6 Qxe6 20. b4 Be7 21. Nd4 Qg6
22. Nf5 Nc6 23. e6 O-O 24. Bxg7 fxe6 25. Nxe7+ Nxe7 26. Rxf8+ Rxf8 27. Bxf8
Qxd3 28. cxd3 Kxf8 29. b5 Kf7 30. bxa6 bxa6 31. Rc1 Kf6 32. Kg1 d4 33. Kf2 Nd5
34. Ke2 Nb4 35. Rc4 Nd5 36. Rxd4 Ke5 37. Re4+ Kf5 38. Rc4 Nf4+ 39. Kd2 Nxg2 40.
Rc6 Nh4 41. Rxa6 Nf3+ 42. Ke3 Nxh2 43. Ra8 Ng4+ 44. Kd4 e5+ 45. Kc5 Ke6 46. a6
Nf2 47. a7 1-0

[Event "DVM U16 2013"]
[Site "Lingen (Ems) GER"]
[Date "2013.12.30"]
[Round "7"]
[White "van Klev, Fabian"]
[Black "Bach, Jannik"]
[Result "1/2-1/2"]
[Termination "normal"]
[Board "2.3"]
[WhiteElo "1748"]
[BlackElo "1869"]
[WhiteTeam "SF Dortmund-Brackel 1930"]
[BlackTeam "SV Lingen"]
[WhiteFideId "12964255"]
[BlackFideId "24615900"]
[EventCountry "GER"]
[EventRounds "7"]
[EventType "team-swiss"]
[EventDate "2013.12.26"]

1. Nf3 Nf6 2. d4 g6 3. c4 Bg7 4. Nc3 O-O 5. e4 d6 6. Be2 Bg4 7. O-O Nfd7 8. Be3
Nc6 9. d5 Bxf3 10. gxf3 Na5 11. Rc1 b6 12. Kg2 e5 13. b4 Nb7 14. Na4 Bf6 15. c5
dxc5 16. Ba6 Rb8 17. Bxb7 Rxb7 18. bxc5 bxc5 19. Nxc5 Nxc5 20. Rxc5 Be7 21. Rc6
f5 22. Rg1 fxe4 23. fxe4 Bd6 24. Qg4 Qf6 25. Qg3 Rb2 26. Ra6 Rb4 27. Bg5 Qf7
28. Re1 Rb2 29. Be3 Ra8 30. a4 Qd7 31. Qh3 Qxh3+ 32. Kxh3 Rb4 33. f3 Rb2 34.
Rxa7 Rxa7 35. Bxa7 Ra2 36. Rc1 Rxa4 37. Bc5 Bxc5 38. Rxc5 Ra3 39. Kg3 Ra2 40.
Rc6 Kf7 41. Re6 h6 42. Rxe5 Ra6 43. h4 h5 44. Kf4 Rf6+ 45. Ke3 c6 46. dxc6 Rxc6
47. Ra5 Rc3+ 48. Kf4 Rb3 49. Ra7+ Ke6 50. Rg7 Kf6 51. Rc7 Ke6 52. Ra7 Rc3 53.
Ra4 Kf7 54. e5 Rb3 55. Ra6 Rb1 56. Kg5 Re1 57. e6+ Ke7 58. Kxg6 Rf1 59. Kxh5
Rxf3 60. Kg5 Rg3+ 61. Kh6 Rg4 62. h5 Rg1 63. Kh7 Rg5 64. h6 Rg1 65. Kh8 Rg2 66.
h7 Kf6 67. Ra8 Kxe6 68. Rg8 Rf2 69. Kg7 Rg2+ 70. Kf8 Rf2+ 71. Ke8 Ra2 72. Rg6+
Kf5 73. Rh6 Ra8+ 74. Ke7 Ra7+ 75. Kd8 Ra8+ 76. Kc7 Rh8 77. Rh1 Kg6 78. Kc6 Rxh7
79. Rxh7 Kxh7 1/2-1/2

[Event "DVM U16 2013"]
[Site "Lingen (Ems) GER"]
[Date "2013.12.30"]
[Round "7"]
[White "Vonhoff, Nils"]
[Black "Trümper, Michael"]
[Result "1-0"]
[Termination "normal"]
[Board "2.4"]
[WhiteElo "1847"]
[BlackElo "1814"]
[WhiteTeam "SV Lingen"]
[BlackTeam "SF Dortmund-Brackel 1930"]
[WhiteFideId "24692301"]
[BlackFideId "12946095"]
[EventCountry "GER"]
[EventRounds "7"]
[EventType "team-swiss"]
[EventDate "2013.12.26"]

1. e4 e6 2. d4 d5 3. Nd2 Nf6 4. e5 Nfd7 5. Bd3 c5 6. c3 Nc6 7. Ne2 cxd4 8. cxd4
f6 9. exf6 Nxf6 10. Nf3 Bd6 11. a3 O-O 12. Bd2 Bd7 13. b4 a6 14. Ng3 Rc8 15.
O-O Ne7 16. Qb1 Bb5 17. Bxb5 axb5 18. Qd3 Qd7 19. Rae1 Ng6 20. Ng5 e5 21. Nxh7
e4 22. Nxf6+ Rxf6 23. Qb3 Nf4 24. Nxe4 Rcf8 25. Nxf6+ Rxf6 26. Re5 Bxe5 27.
dxe5 Ne2+ 28. Kh1 Rg6 29. Qd3 Qg4 30. Qxd5+ Kh8 31. Qxb7 Nd4 32. Be3 Nc6 33.
Rg1 Qe4 34. Qc8+ Kh7 35. Qh3+ Kg8 36. f4 Ne7 37. Qf3 Nf5 38. Bf2 Qc2 39. g4 1-0

[Event "DVM U16 2013"]
[Site "Lingen (Ems) GER"]
[Date "2013.12.30"]
[Round "7"]
[White "Grigorian, Spartak"]
[Black "Riehle, Marco"]
[Result "1-0"]
[Termination "normal"]
[Board "3.1"]
[WhiteElo "2163"]
[BlackElo "1876"]
[WhiteTeam "SK Wildeshausen"]
[BlackTeam "SF Sasbach"]
[WhiteFideId "24661490"]
[BlackFideId "12904392"]
[EventCountry "GER"]
[EventRounds "7"]
[EventType "team-swiss"]
[EventDate "2013.12.26"]

1. d4 d5 2. c4 e6 3. Nc3 c6 4. e3 Nf6 5. Nf3 Nbd7 6. Qc2 Bd6 7. b3 O-O 8. Bd3
dxc4 9. bxc4 e5 10. O-O Re8 11. Bb2 Bc7 12. Rae1 Qe7 13. dxe5 Nxe5 14. Nxe5
Qxe5 15. f4 Qh5 16. Ne4 Nxe4 17. Bxe4 Ba5 18. Re2 Bg4 19. Bf3 Bxf3 20. Rxf3
Rad8 21. Rg3 g6 22. Rg5 Qh6 23. Rxa5 Rd7 24. Rd2 Rde7 25. Re5 f6 26. Rxe7 Rxe7
27. Bxf6 Rxe3 28. Bg5 Qh5 29. Rd8+ Kf7 30. Qd2 Qe2 31. Qd7+ Re7 32. Qxe7+ 1-0

[Event "DVM U16 2013"]
[Site "Lingen (Ems) GER"]
[Date "2013.12.30"]
[Round "7"]
[White "Ehmann, Thilo"]
[Black "Finke, Maurice"]
[Result "1/2-1/2"]
[Termination "normal"]
[Board "3.2"]
[WhiteElo "1921"]
[BlackElo "1958"]
[WhiteTeam "SF Sasbach"]
[BlackTeam "SK Wildeshausen"]
[WhiteFideId "12940968"]
[BlackFideId "12909580"]
[EventCountry "GER"]
[EventRounds "7"]
[EventType "team-swiss"]
[EventDate "2013.12.26"]

1. c4 c5 2. Nf3 g6 3. d4 cxd4 4. Nxd4 Bg7 5. Nc3 Nc6 6. Nc2 Nf6 7. e4 O-O 8.
Be2 b6 9. O-O Bb7 10. f3 Rc8 11. Rb1 Ne8 12. Be3 Ne5 13. Na3 Nd6 14. Qb3 Kh8
15. Ncb5 Nxb5 16. Nxb5 Nc6 17. Nxa7 Nd4 18. Qd1 Nxe2+ 19. Qxe2 Ra8 20. Qf2 Qc7
21. b3 Qd6 22. Nb5 Qc6 23. Bxb6 f5 24. exf5 gxf5 25. a4 Rf6 26. a5 Rg6 27. Nc7
Rg8 28. Nd5 Rxg2+ 29. Qxg2 Bf6 30. Qxg8+ Kxg8 31. Nxf6+ Qxf6 32. Rf2 Kf7 33.
Rd1 d6 34. c5 Qg5+ 35. Kh1 dxc5 36. Rdd2 Qe3 37. Kg2 Ba6 38. Rd7 Qg5+ 39. Kh1
Qc1+ 40. Kg2 Qg5+ 41. Kh1 Qc1+ 42. Kg2 Qg5+ 1/2-1/2

[Event "DVM U16 2013"]
[Site "Lingen (Ems) GER"]
[Date "2013.12.30"]
[Round "7"]
[White "Ngo, Minh Duc"]
[Black "Bohnert, Dominik"]
[Result "0-1"]
[Termination "normal"]
[Board "3.3"]
[WhiteElo "1980"]
[BlackElo "1936"]
[WhiteTeam "SK Wildeshausen"]
[BlackTeam "SF Sasbach"]
[WhiteFideId "12942693"]
[BlackFideId "12918075"]
[EventCountry "GER"]
[EventRounds "7"]
[EventType "team-swiss"]
[EventDate "2013.12.26"]

1. e4 e5 2. Nf3 Nc6 3. Nc3 Nf6 4. Bb5 Nd4 5. Ba4 Nxf3+ 6. Qxf3 Bc5 7. O-O O-O
8. d3 d6 9. Bg5 c6 10. Bb3 Bb6 11. h3 h6 12. Bh4 g5 13. Bg3 g4 14. Qe2 Nh5 15.
Bh2 Qg5 16. Kh1 Nf4 17. Bxf4 exf4 18. Na4 gxh3 19. gxh3 Qh4 20. Rg1+ Kh7 21.
Rg2 Bxh3 22. Rh2 Rg8 23. f3 Bg1 24. Rxg1 Rxg1+ 25. Kxg1 Rg8+ 26. Kh1 Bg2+ 27.
Kg1 Bxf3+ 0-1

[Event "DVM U16 2013"]
[Site "Lingen (Ems) GER"]
[Date "2013.12.30"]
[Round "7"]
[White "Zimmer, Raphael"]
[Black "Schumann, Steffen"]
[Result "0-1"]
[Termination "normal"]
[Board "3.4"]
[WhiteElo "1625"]
[BlackElo "1814"]
[WhiteTeam "SF Sasbach"]
[BlackTeam "SK Wildeshausen"]
[WhiteFideId "12978841"]
[BlackFideId "24686891"]
[EventCountry "GER"]
[EventRounds "7"]
[EventType "team-swiss"]
[EventDate "2013.12.26"]

1. e4 c5 2. Nf3 Nc6 3. d4 cxd4 4. Nxd4 g6 5. c4 Bg7 6. Be3 Nf6 7. Nc3 Ng4 8.
Qxg4 Nxd4 9. Qd1 Ne6 10. Qd2 Qa5 11. Rc1 d6 12. Rc2 Bd7 13. b3 g5 14. Nd5 Qxd2+
15. Rxd2 b6 16. Be2 Rc8 17. O-O Be5 18. Bg4 Nc5 19. Bxd7+ Kxd7 20. Rdd1 e6 21.
Nb4 Nxe4 22. f3 Nc3 23. Rd2 h6 24. Rc1 Ke7 25. Rdc2 d5 26. cxd5 exd5 27. Rxc3
Bxc3 28. Rxc3 Ke6 29. Rd3 Rhd8 30. h4 f6 31. hxg5 hxg5 32. Bd4 a5 33. Re3+ Kf7
34. Bxb6 axb4 35. Bxd8 Rxd8 36. Rd3 Ke6 37. Rd4 Ra8 38. Rd2 Ke5 39. Kf2 Rc8 40.
Re2+ Kd4 41. Rd2+ Kc3 42. Rxd5 Ra8 43. Ke3 Rxa2 44. Rd3+ Kc2 45. Kd4 Ra8 46.
Re3 Rc8 47. Re6 Kxb3 48. Rxf6 Kc2 49. Re6 b3 50. Re2+ Kb1 51. Re1+ Rc1 52. Re2
b2 53. Ke5 Rc2 54. Re1+ Ka2 55. g4 b1=Q 56. Rxb1 Kxb1 57. f4 Rc5+ 58. Ke4 Rc4+
59. Ke5 gxf4 60. g5 f3 0-1

[Event "DVM U16 2013"]
[Site "Lingen (Ems) GER"]
[Date "2013.12.30"]
[Round "7"]
[White "Schulz, Lukas"]
[Black "Vöge, Tobias"]
[Result "1-0"]
[Termination "normal"]
[Board "4.1"]
[WhiteElo "1923"]
[BlackElo "1946"]
[WhiteTeam "SC Höchstadt"]
[BlackTeam "Stader SV"]
[WhiteFideId "12924881"]
[BlackFideId "1270513"]
[EventCountry "GER"]
[EventRounds "7"]
[EventType "team-swiss"]
[EventDate "2013.12.26"]

1. e4 c5 2. b4 cxb4 3. d4 d5 4. e5 Nc6 5. a3 Qb6 6. Be3 Bf5 7. g4 Be4 8. Nf3 e6
9. Nbd2 Bxf3 10. Nxf3 bxa3 11. c3 f6 12. Bd3 fxe5 13. Nxe5 Bd6 14. O-O Nge7 15.
f4 Qc7 16. Bc1 O-O 17. Bxa3 Bxa3 18. Rxa3 Nxe5 19. fxe5 Rxf1+ 20. Qxf1 Nc6 21.
Ra2 Qe7 22. Rf2 b6 23. Qh3 h6 24. Qf3 a5 25. Bb1 Rf8 26. Qxf8+ Qxf8 27. Bh7+
Kxh7 28. Rxf8 a4 29. Kf1 Kg6 30. Ke2 Na5 31. Kd3 Nc4 32. h3 Na5 33. Kc2 Nc4 34.
Ra8 a3 35. Ra7 Ne3+ 36. Kb3 Nc4 37. Re7 h5 38. gxh5+ Kxh5 39. Rxg7 b5 40. Re7
1-0

[Event "DVM U16 2013"]
[Site "Lingen (Ems) GER"]
[Date "2013.12.30"]
[Round "7"]
[White "Hammann, Jonas"]
[Black "Koch, Christian"]
[Result "1-0"]
[Termination "normal"]
[Board "4.2"]
[WhiteElo "1756"]
[BlackElo "1834"]
[WhiteTeam "Stader SV"]
[BlackTeam "SC Höchstadt"]
[WhiteFideId "12930601"]
[BlackFideId "1272124"]
[EventCountry "GER"]
[EventRounds "7"]
[EventType "team-swiss"]
[EventDate "2013.12.26"]

1. d4 Nf6 2. c4 g6 3. Nc3 Bg7 4. e4 d6 5. Be2 O-O 6. Bg5 Qe8 7. h4 Nbd7 8. g4
e5 9. d5 Nc5 10. f3 a5 11. h5 Qe7 12. Qd2 Bd7 13. b3 c6 14. Nh3 Rfb8 15. Nf2
Be8 16. Rd1 Rd8 17. Nd3 Nxd3+ 18. Bxd3 Qf8 19. Qh2 Rd7 20. h6 Bh8 21. Qh4 Qe7
22. Rh2 Rdd8 23. Rhd2 c5 24. a4 Ra6 25. Rf2 Bd7 26. Kd2 Rb8 27. Rdf1 Rc8 28. f4
Rf8 29. fxe5 Qxe5 30. Bxf6 Bxf6 31. Qxf6 Bxg4 32. Qxe5 dxe5 33. Rf6 Rxf6 34.
Rxf6 Rb8 35. Be2 Bh3 36. Nd1 Kf8 37. Rf2 Ke7 38. Ne3 Bd7 39. Bg4 Be8 40. Bh3
Kd6 41. Rf3 Rd8 42. Ng4 Bd7 43. Nf6 Bxh3 44. Rxh3 Ke7 45. Rf3 Rf8 46. Nxh7 Rh8
47. Nf6 Rf8 48. h7 Rh8 49. Ke2 b6 50. Kf2 Kf8 51. Kg3 Kg7 52. Kg4 Rf8 53. Kg5
Rd8 54. Rh3 Rh8 55. d6 b5 56. d7 bxa4 57. Ne8+ 1-0

[Event "DVM U16 2013"]
[Site "Lingen (Ems) GER"]
[Date "2013.12.30"]
[Round "7"]
[White "Mönius, Alexander"]
[Black "Dittmann, Tobias"]
[Result "1-0"]
[Termination "normal"]
[Board "4.3"]
[WhiteElo "1727"]
[BlackElo "1674"]
[WhiteTeam "SC Höchstadt"]
[BlackTeam "Stader SV"]
[WhiteFideId "12949795"]
[BlackFideId "12964360"]
[EventCountry "GER"]
[EventRounds "7"]
[EventType "team-swiss"]
[EventDate "2013.12.26"]

1. d4 d5 2. c4 e6 3. Nc3 Nf6 4. cxd5 exd5 5. Bg5 Be7 6. e3 c6 7. Bd3 Nbd7 8.
Qc2 O-O 9. Nf3 Re8 10. O-O h6 11. Bh4 Ne4 12. Bxe7 Qxe7 13. Rab1 a6 14. a3 Nd6
15. Na4 b5 16. Nc3 Ne4 17. a4 b4 18. Ne2 Nb6 19. Rbc1 Bd7 20. b3 Nd6 21. Ne5
Rac8 22. Qc5 Rb8 23. Qa5 Rec8 24. Qc5 Be8 25. Nf4 Na8 26. Rfe1 Rc7 27. e4 dxe4
28. Bxe4 Nxe4 29. Rxe4 f6 30. Qc4+ Bf7 31. Nxf7 Qxf7 32. Qxf7+ Kxf7 33. g3 Rd8
34. Ne6 Re7 35. Nxd8+ 1-0

[Event "DVM U16 2013"]
[Site "Lingen (Ems) GER"]
[Date "2013.12.30"]
[Round "7"]
[White "Günther, Alexander"]
[Black "Mönius, Oliver"]
[Result "1-0"]
[Termination "normal"]
[Board "4.4"]
[WhiteElo "1510"]
[BlackElo "1400"]
[WhiteTeam "Stader SV"]
[BlackTeam "SC Höchstadt"]
[WhiteFideId "24693367"]
[BlackFideId "12949906"]
[EventCountry "GER"]
[EventRounds "7"]
[EventType "team-swiss"]
[EventDate "2013.12.26"]

1. d4 d6 2. Nf3 Nf6 3. Bf4 g6 4. e3 Bg7 5. Nbd2 O-O 6. Bd3 Nbd7 7. c3 c6 8. Qc2
b5 9. h4 Nh5 10. Ng5 Nxf4 11. exf4 Bh6 12. h5 Bxg5 13. fxg5 Kg7 14. O-O-O e5
15. hxg6 hxg6 16. dxe5 Nxe5 17. f4 Ng4 18. Rde1 Nf2 19. Rh6 Nxd3+ 20. Qxd3 Bf5
21. Reh1 Rg8 22. Qd4+ Kf8 23. Rh8 Ke7 24. Qf6+ Kd7 25. Qxf7+ Qe7 26. Qxe7+ Kxe7
27. R1h7+ Kf8 28. Nf3 Re8 29. Nd4 Be4 30. g3 a5 31. Kd2 b4 32. cxb4 axb4 33. a3
c5 34. Nb5 Bc6 35. Nxd6 Rd8 36. Rf7# 1-0

[Event "DVM U16 2013"]
[Site "Lingen (Ems) GER"]
[Date "2013.12.30"]
[Round "7"]
[White "Eichstaedt, Mirko"]
[Black "Pixa, Richard"]
[Result "1-0"]
[Termination "normal"]
[Board "5.1"]
[WhiteElo "1939"]
[BlackElo "1958"]
[WhiteTeam "USV Potsdam"]
[BlackTeam "Treptower SV 1949"]
[WhiteFideId "24692310"]
[BlackFideId "4626095"]
[EventCountry "GER"]
[EventRounds "7"]
[EventType "team-swiss"]
[EventDate "2013.12.26"]

1. Nf3 d5 2. e3 e6 3. c4 c6 4. b3 Nf6 5. Bb2 Nbd7 6. Be2 Bd6 7. d4 Ne4 8. O-O
O-O 9. Nbd2 f5 10. Ne5 Qe7 11. f3 Nxd2 12. Qxd2 Nf6 13. Bd3 c5 14. f4 b6 15.
cxd5 Nxd5 16. e4 Nb4 17. exf5 Nxd3 18. Qxd3 exf5 19. d5 Bb7 20. Rad1 Rad8 21.
Rfe1 Qc7 22. g3 a6 23. a4 Be7 24. Qc4 Kh8 25. d6 Bxd6 26. Rxd6 Rxd6 27. Nf7+
1-0

[Event "DVM U16 2013"]
[Site "Lingen (Ems) GER"]
[Date "2013.12.30"]
[Round "7"]
[White "Klodt, Daniel"]
[Black "Cech, Tim"]
[Result "1-0"]
[Termination "normal"]
[Board "5.2"]
[WhiteElo "1631"]
[BlackElo "1805"]
[WhiteTeam "Treptower SV 1949"]
[BlackTeam "USV Potsdam"]
[WhiteFideId "12938068"]
[BlackFideId "1270258"]
[EventCountry "GER"]
[EventRounds "7"]
[EventType "team-swiss"]
[EventDate "2013.12.26"]

1. e4 e5 2. Nf3 Nf6 3. Nc3 Nc6 4. Bb5 Bb4 5. Bxc6 dxc6 6. d3 Qe7 7. h3 Bd7 8.
Be3 c5 9. Nd2 Bxc3 10. bxc3 b5 11. c4 c6 12. Rb1 a6 13. Nb3 bxc4 14. Bxc5 Qe6
15. Nd2 cxd3 16. cxd3 Bc8 17. Nc4 Nd7 18. Nd6+ Kd8 19. Ba3 c5 20. Nc4 Ke7 21.
O-O f6 22. f4 exf4 23. Rxf4 Kf7 24. Rf5 Rd8 25. Rd5 Qe7 26. Qf3 Kg8 27. Qg3 Ra7
28. Na5 Ne5 29. Bxc5 Qc7 30. Bb6 Rxd5 31. Bxc7 Rxd3 32. Bxe5 Rxg3 33. Bxg3 Kf7
34. Rb8 Be6 35. Rb7+ Rxb7 36. Nxb7 Bxa2 37. Kf2 Bc4 38. Nd6+ 1-0

[Event "DVM U16 2013"]
[Site "Lingen (Ems) GER"]
[Date "2013.12.30"]
[Round "7"]
[White "Werthmann, Nils"]
[Black "Hesse, Henrik"]
[Result "1-0"]
[Termination "normal"]
[Board "5.3"]
[WhiteElo "1765"]
[BlackElo "1701"]
[WhiteTeam "USV Potsdam"]
[BlackTeam "Treptower SV 1949"]
[WhiteFideId "1270257"]
[BlackFideId "12952060"]
[EventCountry "GER"]
[EventRounds "7"]
[EventType "team-swiss"]
[EventDate "2013.12.26"]

1. Nc3 Nf6 2. e4 d6 3. d4 g6 4. Be3 Bg7 5. h3 Nbd7 6. Nf3 O-O 7. Qd2 c5 8. Bh6
cxd4 9. Nxd4 Nc5 10. f3 Qb6 11. O-O-O Ne6 12. Nb3 Bd7 13. h4 Rac8 14. Kb1 a5
15. Bxg7 Kxg7 16. Nd5 Nxd5 17. exd5 Nc7 18. h5 Rh8 19. h6+ Kf8 20. Qxa5 Qf2 21.
Qc3 f6 22. Qd4 Qg3 23. Nd2 Bf5 24. Ne4 Qf4 25. Be2 Kf7 26. c4 Na6 27. g3 Qe5
28. Qxe5 fxe5 29. g4 Bxe4+ 30. fxe4 Nc5 31. Rhf1+ Ke8 32. Bf3 Rf8 33. Bg2 Kd7
34. g5 Kc7 35. Kc2 Ra8 36. a3 e6 37. b4 Rxf1 38. Rxf1 Rxa3 39. bxc5 Ra2+ 40.
Kb3 Rxg2 41. Rf7+ Kd8 42. Rxh7 exd5 43. Rxb7 dxc4+ 44. Kxc4 Kc8 45. h7 Kxb7 46.
h8=Q Rc2+ 47. Kd3 Rxc5 48. Qh7+ Rc7 49. Qxg6 1-0

[Event "DVM U16 2013"]
[Site "Lingen (Ems) GER"]
[Date "2013.12.30"]
[Round "7"]
[White "Klodt, Nicolas"]
[Black "Ender, Paul Marius"]
[Result "1/2-1/2"]
[Termination "normal"]
[Board "5.4"]
[WhiteElo "1616"]
[BlackElo "1565"]
[WhiteTeam "Treptower SV 1949"]
[BlackTeam "USV Potsdam"]
[WhiteFideId "12910490"]
[BlackFideId "12936545"]
[EventCountry "GER"]
[EventRounds "7"]
[EventType "team-swiss"]
[EventDate "2013.12.26"]

1. e4 c6 2. d4 d5 3. Nc3 g6 4. e5 Bf5 5. Bd3 Bxd3 6. Qxd3 e6 7. a3 Nd7 8. Be3
Bg7 9. Nce2 Ne7 10. Ng3 Qc7 11. Qd2 h6 12. f4 Nf5 13. Nxf5 gxf5 14. h3 h5 15.
Nf3 f6 16. Rg1 O-O-O 17. g4 fxg4 18. hxg4 hxg4 19. Rxg4 Rdg8 20. Qg2 Rh7 21.
O-O-O Qd8 22. Rg1 Qe7 23. Nh4 f5 24. Ng6 Qf7 25. Rg5 Nf8 26. Nxf8 Qxf8 27. Rg6
Qe7 28. Rh1 Rxh1+ 29. Qxh1 Rh8 30. Qg2 Bf8 31. Rg8 Rxg8 32. Qxg8 Kd7 33. Qg6
1/2-1/2

[Event "DVM U16 2013"]
[Site "Lingen (Ems) GER"]
[Date "2013.12.30"]
[Round "7"]
[White "Spät, Alexander"]
[Black "Oberhofer, Cédric"]
[Result "1/2-1/2"]
[Termination "normal"]
[Board "6.1"]
[WhiteElo "1973"]
[BlackElo "1911"]
[WhiteTeam "Königsspringer Hamburg"]
[BlackTeam "SC Bavaria Regensburg"]
[WhiteFideId "24687693"]
[BlackFideId "12941220"]
[EventCountry "GER"]
[EventRounds "7"]
[EventType "team-swiss"]
[EventDate "2013.12.26"]

1. e4 c5 2. Nf3 d6 3. d4 cxd4 4. Qxd4 Nc6 5. Bb5 Bd7 6. Bxc6 Bxc6 7. Nc3 Nf6 8.
Bg5 e6 9. O-O-O Be7 10. Rhe1 O-O 11. Kb1 Qa5 12. Qd2 Kh8 13. Nd4 Rfd8 14. f3
Rac8 15. h4 a6 16. g4 b5 17. Rg1 b4 18. Nce2 Be8 19. Ng3 Qc7 20. Nh5 Nxh5 21.
gxh5 d5 22. e5 Qc5 23. Bf6 Bxf6 24. exf6 g5 25. Rxg5 Ba4 26. b3 e5 27. Rg7 Qxd4
28. Qxd4 exd4 29. bxa4 Rf8 30. Rxd4 Rc6 31. Rf4 h6 32. Rf5 Rd6 33. Kb2 Rd7 34.
a5 d4 35. Kb3 Rb8 36. Kc4 Rc8+ 37. Rc5 Rxc5+ 38. Kxc5 Rc7+ 39. Kxb4 Rxc2 40.
Rxf7 Rxa2 41. Ra7 Kg8 42. Rxa6 d3 43. Rd6 d2 44. Kb5 Rb2+ 45. Kc6 Ra2 46. Kb6
Kf7 47. a6 Rb2+ 48. Kc7 Ra2 49. Kb7 Rb2+ 50. Kc6 Ra2 51. Kb5 Rb2+ 52. Kc6 Ra2
53. Kd7 d1=Q 54. Rxd1 Rxa6 55. Rd6 Ra5 56. Rd4 Rf5 57. Rg4 Rxf3 58. Rg6 Rxf6
59. Rxf6+ Kxf6 60. Ke8 Kg7 61. Ke7 Kh7 62. Kf7 Kh8 63. Kg6 Kg8 64. Kxh6 Kh8 65.
Kg6 Kg8 66. h6 1/2-1/2